|
|
|
|
| LEADER |
01174nam a22002657a 4500 |
| 001 |
3506 |
| 003 |
BD-DhAAL |
| 005 |
20190113102407.0 |
| 008 |
190107t1988 enkab||| |||| 00| 0 eng d |
| 999 |
|
|
|c 40396
|d 40396
|
| 040 |
|
|
|a BD-DhAAL
|
| 082 |
|
|
|a 362.1989263427
|2 20
|
| 100 |
|
|
|a Ahmed, Jalaluddin
|9 29489
|
| 245 |
|
|
|a A comparative study of the community acceptance of two home made oral rehydration solutions (ORS) - in rural Bangladesh /
|c Jalaluddin Ahmed
|
| 260 |
|
|
|a London :
|b University of London,
|c 1988
|
| 300 |
|
|
|a 95 pages :
|b illustrations, map ;
|c 30 cm.
|
| 500 |
|
|
|a Thesis
Department of Tropical Hygiene
London School of Hygiene and Tropical Medicine
|
| 526 |
|
|
|a AAL
|
| 541 |
|
|
|a BRAC
|e 3506
|
| 650 |
|
|
|a Diarrhea
|x Treatment
|z Bangladesh.
|9 29547
|
| 650 |
|
|
|a Oral rehydration therapy for infants
|z Bangladesh.
|9 29554
|
| 650 |
|
|
|a Community health aides
|z Bangladesh.
|9 29555
|
| 852 |
|
|
|a Ayesha Abed Library
|c General Stacks
|
| 942 |
|
|
|2 ddc
|c BK
|
| 952 |
|
|
|0 0
|1 4
|2 ddc
|4 0
|6 362_198926342700000_AHM
|7 0
|9 64926
|a BRACUL
|b BRACUL
|c GEN
|d 2019-01-07
|e BRAC
|g 0.00
|l 0
|o 362.1989263427 AHM
|p 3010003506
|r 2019-01-07
|t 1
|w 2019-01-07
|y BK
|z Not price in Register
|x Koha Inventory 2020
|